00433nam a2200169Ia 4500008004100000100002500041245005600066245002400122260002000146260000900166300001400175440002000189650001200209650001200221650002100233650000900254190425s9999 xx 000 0 und d aManar, Malu Cadelina aCotabato framers to plant rice in Papua New Guinea/ cMalu Cadelina Manar bManila Bulletin c2018 aAugust 23 aManila Bulletin afarmers afarming aPapua New Guinea arice